[Event "AUT-chT2M 0708"]
[Site "Austria"]
[Date "2008.01.27"]
[Round "7.5"]
[White "Benda, Herbert"]
[Black "Mittermayr, Gerhard"]
[Result "1/2-1/2"]
[WhiteElo "2274"]
[BlackElo "2129"]
[PlyCount "35"]
[EventDate "2007.10.13"]
[EventType "team-tourn"]
[EventRounds "11"]
[EventCountry "AUT"]
[SourceTitle "EXT 2009"]
[Source "ChessBase"]
[SourceDate "2008.11.26"]
[SourceVersion "1"]
[SourceVersionDate "2008.11.26"]
[SourceQuality "1"]
[WhiteTeam "Leoben"]
[BlackTeam "Ansfelden II"]
[WhiteTeamCountry "AUT"]
[BlackTeamCountry "AUT"]

1. e4 e6 2. d4 d5 3. Nc3 Nf6 4. Bg5 Be7 5. e5 Nfd7 6. Bxe7 Qxe7 7. f4 a6 8. Nf3 c5 9. dxc5 Nxc5 10. Bd3 b5 11. Ne2 Bb7 12. Ned4 Ne4 13. 0-0 0-0 14. Kh1 f5 15. Qe1 Nd7 16. a3 Nb6 17. b3 Rfe8 18. Qb4 1/2-1/2

[Event "AUT-chT2M 0708"]
[Site "Austria"]
[Date "2008.01.26"]
[Round "6.5"]
[White "Mitter, Gerd"]
[Black "Mittermayr, Gerhard"]
[Result "0-1"]
[WhiteElo "2185"]
[BlackElo "2129"]
[PlyCount "82"]
[EventDate "2007.10.13"]
[EventType "team-tourn"]
[EventRounds "11"]
[EventCountry "AUT"]
[SourceTitle "EXT 2009"]
[Source "ChessBase"]
[SourceDate "2008.11.26"]
[SourceVersion "1"]
[SourceVersionDate "2008.11.26"]
[SourceQuality "1"]
[WhiteTeam "Trofaiach Niklasdorf"]
[BlackTeam "Ansfelden II"]
[WhiteTeamCountry "AUT"]
[BlackTeamCountry "AUT"]

1. Nf3 Nf6 2. c4 g6 3. g3 Bg7 4. Bg2 0-0 5. 0-0 d6 6. Nc3 e5 7. d4 Nc6 8. dxe5 dxe5 9. Qxd8 Rxd8 10. Bg5 Be6 11. Rac1 h6 12. Bxf6 Bxf6 13. b3 Rd7 14. Rfd1 Rad8 15. Kf1 Kg7 16. Ne1 Rxd1 17. Rxd1 Rxd1 18. Nxd1 Nb4 19. Bxb7 Nxa2 20. Nd3 Be7 21. Ne3 f6 22. Ke1 Nb4 23. Kd2 Nxd3 24. Kxd3 Bc5 25. f3 h5 26. Bd5 Bh3 27. Bc6 f5 28. Nd5 Bg1 29. Nxc7 Bxh2 30. Nb5 Bxg3 31. Bb7 f4 32. c5 h4 33. Nd6 Bd7 34. Bc8 Bxc8 35. Nxc8 h3 36. c6 h2 37. c7 h1Q 38. Nd6 Qd1+ 39. Kc4 Qd4+ 40. Kb5 Qb6+ 41. Ka4 Qc6+ 0-1

[Event "AUT-chT2M 0708"]
[Site "Austria"]
[Date "2007.11.10"]
[Round "3.5"]
[White "Mittermayr, Gerhard"]
[Black "Kubinger, Thomas"]
[Result "0-1"]
[WhiteElo "2129"]
[BlackElo "2177"]
[PlyCount "64"]
[EventDate "2007.10.13"]
[EventType "team-tourn"]
[EventRounds "11"]
[EventCountry "AUT"]
[SourceTitle "EXT 2009"]
[Source "ChessBase"]
[SourceDate "2008.11.26"]
[SourceVersion "1"]
[SourceVersionDate "2008.11.26"]
[SourceQuality "1"]
[WhiteTeam "Ansfelden II"]
[BlackTeam "Graz Austria"]
[WhiteTeamCountry "AUT"]
[BlackTeamCountry "AUT"]

1. e4 e6 2. d4 d5 3. Nd2 dxe4 4. Nxe4 Bd7 5. Nf3 Bc6 6. Bd3 Nd7 7. Qe2 Ngf6 8. Neg5 Bxf3 9. Nxf3 c6 10. 0-0 Bd6 11. Ne5 Qc7 12. Re1 0-0 13. Bg5 c5 14. Nxd7 Nxd7 15. Qh5 g6 16. Qh6 Rfc8 17. Re3 Bf8 18. Qh4 Bg7 19. Rh3 Nf8 20. Be7 h6 21. dxc5 g5 22. Bxg5 hxg5 23. Qxg5 Qxc5 24. Qg4 Qd4 25. Qh5 Qxb2 26. Re1 Qd4 27. Re4 Qa1+ 28. Bf1 f5 29. Reh4 Rxc2 30. Qg5 Rc1 31. Rh8+ Kf7 32. Rxf8+ Kxf8 0-1

[Event "Niederoesterreich Landesliga 0607"]
[Site "Austria"]
[Date "2007.04.22"]
[Round "11"]
[White "Hangweyrer, Manfred"]
[Black "Mittermayr, Gerhard"]
[Result "1-0"]
[WhiteElo "2381"]
[BlackElo "2172"]
[PlyCount "53"]
[EventDate "2006.09.17"]
[EventType "team-tourn"]
[EventRounds "11"]
[EventCountry "AUT"]
[SourceTitle "EXT 2022"]
[Source "ChessBase"]
[SourceDate "2021.10.06"]
[SourceVersion "1"]
[SourceVersionDate "2021.10.06"]
[SourceQuality "1"]

1. e4 d5 2. exd5 Qxd5 3. Nf3 Bg4 4. Be2 Nf6 5. d4 c6 6. h3 Bh5 7. c4 Qa5+ 8. Nc3 e6 9. 0-0 Bd6 10. d5 exd5 11. cxd5 Nxd5 12. Nxd5 Qxd5 13. Qxd5 cxd5 14. Rd1 Ke7 15. Rxd5 Bg6 16. Bg5+ f6 17. Rad1 Bc7 18. Be3 Rd8 19. Bc5+ Ke8 20. Bb5+ Nc6 21. Re1+ Be5 22. Rdxe5+ fxe5 23. Nxe5 Rd5 24. Nxc6+ Kf7 25. Ne5+ Kg8 26. Bc4 Bf7 27. Bxd5 1-0